000
00436nam a2200157Ia 4500
008
220531s9999 xx 000 0 und d
041
_a
mar
100
_a
आलेगावकर पी . एम.
_9
55684
245
_a
सुदढतेसाठी व्यायाम
260
_b
Madhura.
_c
2004
300
_a
112
542
_d
16-09-2010
650
_a
General
_9
55685
906
_d
2010-2011
999
_c
32146
_d
32146